| 000 | 02096nam a22003017a 4500 | ||
|---|---|---|---|
| 001 | 1538 | ||
| 003 | FISKH | ||
| 005 | 20230905140608.0 | ||
| 008 | 230905b cb ||||| |||| 00| 0 khr d | ||
| 020 | _a9789995054915 | ||
| 040 |
_aFISKH _beng _cFISKH _dFISKH |
||
| 082 | _a796.323 | ||
| 100 | _aDary, Heng | ||
| 245 |
_aកូនបាល់វេទមន្ត / _cនិពន្ធដោយ ហេង ដារី - គូររូបដោយ ប៊ុត ស៊ុនរិន |
||
| 250 | _aបោះពុម្ពលើកទី៩ មិថុនា ២០២២ | ||
| 260 |
_aPhnom Penh : _bSipar, _c2022. |
||
| 300 |
_a23 pages : _bcolor illustrations ; _c24 cm |
||
| 490 | _aរឿងដំបូងៗ | ||
| 505 | _aG | ||
| 520 | _aណឹង ណឹង ជាបាល់វេទមន្តរបស់ណារុ។ គ្រាន់តែបោះវាខ្លាំងៗ វានឹងជប់អ្វីៗ ទៅតាមបំណងប្រាថ្នា។ ថ្ងៃមួយណារុចង់អានសៀវភៅ គេក៏បោះបាល់។ ពេលកំពុងអាន គេក៏ឃើញយក្សមួយកំពុងដេញចាប់កុមារីតូចម្នាក់ គេក៏បានជួយសង្រ្គោះកុមារីនោះដោយគប់បាល់វេទមន្តទៅលើយក្សហើយនាំយកយក្សទៅប្រភពដើមវិញ។ | ||
| 520 | _aIt will be Naru's magic ball. Just throw it hard, it will hold everything as desired. One day, Naru wanted to read a book, so he threw the ball. While reading, he saw a giant chasing a little girl, he rescued the girl by throwing a magic ball at the giant and brought the giant back to its original place. | ||
| 521 | 8 |
_a380
_bLexile estimate |
|
| 521 | 8 |
_aG
_bRaz-Plus |
|
| 650 |
_aបាល់វេទមន្ត _vយក្ស _xដេញ |
||
| 650 |
_aMagic ball _vGiant _xChase |
||
| 700 |
_aSunrin, Bot _eillustrator |
||
| 942 |
_2ddc _cBK _n0 |
||
| 999 |
_c1538 _d1538 |
||